Maine Counties by Population - Statistics

General Stats
  • This quiz has been taken 34 times
  • The average score is 13 of 16
Answer Stats
Population County % Correct
214,591 York
100%
305,231 Cumberland
96%
111,034 Androscoggin
91%
124,486 Kennebec
91%
152,765 Penobscot
91%
66,859 Aroostook
78%
35,828 Lincoln
78%
58,629 Oxford
78%
17,165 Piscataquis
78%
37,071 Sagadahoc
78%
50,592 Somerset
78%
39,912 Waldo
78%
31,121 Washington
78%
56,192 Hancock
74%
41,084 Knox
74%
29,687 Franklin
70%
No matching quizzes found
Score Distribution
Percent of People with Each Score
Percentile by Number Answered
Your Score History
You have not taken this quiz